Quizzes
Events
Quiz Creation
Community
Videos
Private Events
Remove Ads
Sign In
Join for FREE
Feedback
Dark Mode
Quiz Categories
Sports
Geography
Music
Movies
Television
Just For Fun
Miscellaneous
History
Literature
Language
Science
Gaming
Entertainment
Religion
Holiday
For Kids
Quiz Lab
Recent
Popular Today
Quiz Kudos Today
Editor Picks
Curator Picks
Quizzes by...
Day
Popularity
Type
Ratings
Length
Year
Community
Subscriptions
Recent Discussions
Orange Saloon
Badges
Playlists
Quests
Create
Leaderboards
Showdown
Live 5
Trivia Bingo
Activity
Puzzle Library
Sporcle Events
Private Events
Virtual Trivia
Globe League
Become a Host
Pub Owners
SporcleCon
Opinionation
Our Games
Videos
Blog
Mobile Apps
Partnerships
Remove Ads and Go Orange
Feedback
Music
Pop Music
The Beatles
Song
Album
Lyrics
Bands
Singers
Artist
Clip
Rock
Rap
Classical
Billboard
Country Music
Kpop
Taylor Swift
Music
Pop Music
The Beatles
Song
Album
Lyrics
Bands
Singers
Artist
Clip
Rock
Rap
Classical
Billboard
Country Music
Kpop
Taylor Swift
Random Quiz
Search Sporcle
×
Quiz Lab
Quiz Lab
Music
Rap
Type in answers that appear in a list
Type in answers that appear in a list
Classic
Best Score? Go Orange.
Name Rap Albums by Singles Stats
Can you name the Name Rap Albums by Singles?
By
denace
7m
25 Questions
99 Plays
99 Plays
99 Plays
Comments
Comments
Give Quiz Kudos
Give Quiz Kudos
-
- Ratings
hide this ad
Random Order
Randomize order of answers
Randomize order of answers
Replay
Link that replays current quiz
Next Quiz
Link to next quiz in quiz playlist
You Got
0%
They Got
Avg Score
49%
Avg Friend Score
Upgrade to see
Score Distribution
Jump to the score distribution portion of the page
Score
0/25
Timer
07:00
0
Plays Today
Singles
Album Name
% Correct
Nuthin But a G Thang, **** Wit Dre Day, Let Me Ride
The Chronic
81.8%
In Da Club, 21 Questions, P.I.M.P, If I Can't
Get Rich or Die Tryin
77.8%
Juicy, Big Poppa, One More Chance
Ready To Die
75.8%
Halftime, It Aint Hard To Tell, The World Is Yours
Illmatic
73.7%
Power, Runaway, Monster, All of the Lights
My Beautiful Dark Twisted Fantasy
73.7%
My Name Is, Guilty Conscience, Role Model
The Slim Shady LP
72.7%
California Love, 2 of Amerikaz Most Wanted, How Do U Want It, I Ain't Mad At Cha
All Eyez On Me
72.7%
The Recipe, Swimming Pools (Drank)
good kid, m.A.A.d city
69.7%
Izzo (H.O.V.A.), Girls Girls Girls, Jigga That ****
The Blueprint
67.7%
Headlines, Make Me Proud, The Motto, HYFR,
Take Care
64.6%
B.O.B, Ms. Jackson, So Fresh So Clean
Stankonia
64.6%
Day n Nite, Make Her Say, Pursuit of Happiness
Man on the Moon
63.6%
Super Bass, Did It On Em, Moment 4 Life, Fly, Your Love
Pink Friday
54.5%
Singles
Album Name
% Correct
Protect Ya Neck, Method Man, C.R.E.A.M, Can It Be All So Simple
Enter the Wu-Tang
53.5%
Lollipop, A Milli, Got Money, Mrs. Officier
Tha Carter III
51.5%
Goldie, **** Problem
Long.Live.ASAP
49.5%
Fight For Your Right (To Party), Brass Monkey, Paul Revere
Licensed To Ill
33.3%
No Lie, Birthday Song, I'm Different
Based on a T.R.U. Story
31.3%
Touch'N You, So Sophisticated, Hold Me Back, Diced Pineapples
God Forgives, I Don't
23.2%
Hard White (Up In The Club), Let's Roll
Radioactive
18.2%
Terrorist Threats, Pineal Gland, Empathy, Illuminate
Control System
18.2%
Work Hard Play Hard, Remember You,
O.N.I.F.C
17.2%
Hammer Dance, My Life, Throw It Away
Welcome To: Our House
16.2%
Drop It Like Its Hot, Lets Get Blown, Signs
R&G
15.2%
Solo Dolo, **** Your Opinion, Can't Trust Em
SmokeOut Conversations
7.1%
Quiz Playlist
Details
Report
Send in Message
Add To Playlist
Classic:
Type in answers that appear in a list
Random Order:
Randomize order of answers
Last Updated: Feb 16, 2017
Quiz Scoreboard
CHALLENGE
Sign Up to Join the Scoreboard
Show All
Scores
Hide
Comments
May contain spoilers
Recently Published
College Basketball Coaching Resumes
by pancakes188
Sports
9m
Billboard Blitz: Fleetwood Mac
by CooCooCachoo
Music
15s
Presidents Visiting Landmarks
by Hejman
History
7m
More to Explore
Quiz From the Vault
Featured Blog Post
Where Did the Easter Bunny Come From?
hide this ad
You Might Also Like...
Tags
Rap Quiz
Hip-Hop
Rap Albums
Rap Artists
Single
Today's Top Quizzes in Music
Browse Music
hide this ad
Today's Top Quizzes in Rap
Browse Rap
Top Contributed Quizzes in Music
1
Taylor Swift All Songs (2024)
2
Guess the Artist- 70s Songs
3
7-to-1: Billboard Hot 100 #1 Hits of 2010s
4
Sorting Albums and Songs
5
Taylor Swift Logic Puzzle
6
KPOP LOGIC QUIZ
7
One Thing in Common: Music
8
Guess the Taylor Swift song (Mystery Song)
9
2010s Album by Cover III
10
Guess The Taylor Swift Lyrics Song #1
Explore More
Trending Topics
NBA
Marvel
Kpop
Harry Potter
Crossword
Disney
Anime
Soccer
The Office
Country
WWE
Puzzle
Song
NFL
Pokémon
hide this ad
More By:
denace
Quiz
Plays
Rating
Category
Featured
Created
Rappers By Birth Name
186,595
4.54
Music
Jun 21, 2012
Dubstep Artists
691
1.67
Music
Aug 3, 2012
Top 30 RAW Rappers
244
3.50
Music
Jun 20, 2012
Name Rap Albums by Singles
99
3.00
Music
Feb 16, 2013
SNL Digital Shorts
57
2.00
Television
Jun 20, 2012
Go to Creator's Profile
Score Distribution
Quiz Creator Spotlight
denace
Follow
Send a Message
Quizzes Created
-
Created Quiz Play Count
-
More By This Creator
Popular Quizzes Today
1
Find the US States - No Outlines Minefield
2
Find the Countries of Europe - No Outlines Minefield
3
The Countries of the World
4
Find the US States
5
Risky Map Clicking: Biggest States A-Z
6
US States
7
Popular People in 1961
8
Movies - When Are They Set?
More Music Quizzes
10 to 1 Country Music Sorting Gallery
Curator's Pick
Trending Quizzes
Risky Map Clicking: Least Populous States A-Z
1-10 Letter G Words
1-10 Letter F Words
Risky Map Clicking: Next State Alphabetically
Click the Washington State Counties! (Map)
Recently Updated
Leaping Animals
pecheneg
Reality TV Shows (A-Z)
bhenderson79
Rickey Henderson's Hall of Fame Teammates
pecheneg
Champions League XIs: Arsenal
pecheneg
Quick Pick: Celebrities in WWE's Hall of Fame
aduchscher
A-Z Keypad Blitz II
pecheneg
Multiple Oscar Actors
pecheneg
Mystery Phrase Blitz: Oscar 'Best Actors'
pecheneg
F. Scott Fitzgerald Novels
LTH
Pick 3 Villains
ddd62291
Trending Topics
Disney
Anime
Crossword
Kpop
Marvel
Harry Potter
NBA
Song
The Office
Pokémon
Soccer
NFL
Puzzle
Country
WWE
Your Account Isn't Verified!
In order to create a playlist on Sporcle, you need to verify the email address you used during registration. Go to your
Sporcle Settings
to finish the process.
Report this User
Report this user for behavior that violates our
Community Guidelines
.
Details:
Send Report
Go to the Sporcle.com Mobile Site →
Comments